000 00876nam a2200241 a 4500
001 000006088
003 DO-SdBNP
005 20240412074203.0
008 090826s2009 dr a 000 p spa d
040 _aDO-SdBNP
_bspa
_cBNPHU
082 _aRD861.44
_bA719e
100 1 _aAriza de Valera, Rosa
_917140
245 1 0 _aEducando en versos :
_buna forma alegre de enseñar y de aprender, de aprender y de enseñar /
_cRosa Ariza de Valera ; presentación Rafael García Romero.
260 _aSanto Domingo :
_bINEDI,
_c2009.
300 _a184 p. :
_bil. ;
_c21 cm.
590 _aInventariado, 2018/LP
650 0 _aPoesía dominicana
_966
650 0 _aLiteratura dominicana.
_967
700 1 2 _aGarcía Romero, Rafael
_917141
710 1 _aInstituto Nacional Educación Inicial (República Dominicana)
_917142
910 _aValidado. Control de calidad MFF
942 _2ddc
_cLBS1
999 _c5884
_d5884